| 000 | 00569nam a2200181 i 4500 | ||
|---|---|---|---|
| 001 | 146756 | ||
| 003 | ES-MaACL | ||
| 005 | 20260511145842.0 | ||
| 007 | t| | ||
| 008 | 070917s1961 sp ||||1| spa d | ||
| 100 |
_aTroyat, Henri, _d1911-2007 _9233580 |
||
| 245 | 1 | 4 |
_aLos compañeros de la amapola / _cHenri Troyat ; [versión española de Luis del Castillo Aragón]. |
| 260 |
_aBarcelona : _bCaralt, _c[1961] |
||
| 300 |
_a323 p. ; _c24 cm. |
||
| 700 | 1 |
_aCastillo Aragón, Luis del. _936726 |
|
| 852 |
_aES-MaACL _jC-19685 _bR.47493 |
||
| 999 |
_c146756 _d146756 |
||